Загрузка...

Heart of darkness

Библиографические подробности
Главный автор: Conrad, Joseph
Формат: Printed Book
Опубликовано: London, Orient Longman 1992
Предметы:
LEADER 004770000a22001570004500
020 |a 0-86311-234-X 
082 |a 823 CON/H N2 
100 |a Conrad, Joseph  |9 35868 
245 |a Heart of darkness 
260 |a London, Orient Longman 
260 |c 1992 
650 |a English  |9 35869 
650 |a Novel  |9 35870 
942 |c BK 
999 |c 5100  |d 5100 
952 |0 0  |1 0  |4 0  |6 823_000000000000000_CON_H_N2  |7 0  |9 4892  |a MGUL  |b MGUL  |d 2013-07-16  |l 3  |m 2  |o 823 CON/H N2  |p 20080  |r 2018-07-06  |s 2017-01-24  |w 2013-07-16  |y BK